000 01203njm a2200301Ia 4500
001 B8897
003 IT-RoPAU
005 20220918181153.0
008 131025s9999 xx 000 0 und d
040 _aIT-RoPAU
040 _cIT-RoPAU
999 _c102350
_d102350
999 _bn.d.
100 _aKunzel Erich
_927822
100 _eAutore musica
_929417
100 _gCodice autore musica SPICS: 34123
_927824
245 _aFiesta
250 _a1a ed.
260 _aAUSTRIA
260 _bTELARC
_c1990 [1a Ed.:1990 - Ed. Lingua Orig.: 1990]
300 _aCOMPACT DISC
300 _c77 minuti (Testo: 0 pag.)
500 _aArrangiamento di canzoni celebri.
505 _aTico Tico No FubĂ  - Chiquita Banana Song - Granada - Mexican Hat Dance - La Virgen de la Macarena - Cielito - Espana Cani - Copacabana - Estrellita - El carretero - El cumbanchero - Brazil - Carioca - The Girl From Ipanema - South of the Border - Sweet and Gentle - Tequila - Lambada - Siboney - Desafinado - Besame Mucho
511 _aCincinnati Pops Orchestra
650 _aARRANGIAMENTO [COMPACT DISC]
_eCodice MATERIA SPICS: 9949
_929418
700 _aKunzel Erich
_gCodice interprete SPICS: 34123
_eInterprete
_929419
942 _cCD
_2ddc